Rio de Janeiro City Trivia - Statistics

General Stats
  • This quiz has been taken 784 times
    493 since last reset
  • The average score is 12 of 20
Answer Stats
Clue Answer % Correct
Planned city that replaced Rio de Janeiro as the nation's capital in 1960 Brasília
97%
Event that Rio de Janeiro hosted in 2016 Summer Olympics
95%
Famous statue that is declared as one of the New Seven Wonders of the World Christ the {Redeemer}
91%
Rio's two famous beaches Copacabana
85%
Term for the shanty towns or slums around the city Favela
82%
Rio's two famous beaches Ipanema
77%
Famous mountain with a cable car Sugarloaf
74%
Rio's celebration of this festival, held for five days before Ash Wednesday,is the world's biggest Carnival
73%
Van Diesel-Paul Walker racing 2011 movie Fast Five
71%
Meaning of the city's name in English River of {January}
70%
Rio de Janeiro became the capital of this country in 1808 Portugal
63%
This stadium, which is the largest in Brazil, has hosted two FIFA World Cup finals Maracanã
61%
Type of animal that the protagonist of the animated movie "Rio" is Macaw
56%
Brazilian movie about two kids who take different paths in life in those areas of the city; one becoming a photographer, and the other a kingpin City of God
51%
Demonym used to refer to anything related to the City of Rio de Janeiro Carioca
41%
Nation's top oil-company based in Rio Petrobras
39%
Relaxed style of samba music that originated in Rio's South Zone in the 1950s Bossa Nova
37%
Small oceanic bay that Rio borders to its east {Guanabara} Bay
28%
Neighbourhood with Latin America's most expensive price per residential square meter Leblon
28%
Island in that bay on which Rio's international airport is located {Governador} Island
25%
No matching quizzes found
Score Distribution
Percent of People with Each Score
Percentile by Number Answered
Your Score History
You have not taken this quiz since the last reset